| 000 | 00872nmc a2200313 a 4500 | ||
|---|---|---|---|
| 003 | AR-BaBNM | ||
| 005 | 20251128205402.0 | ||
| 008 | 267019s1988 ||||||||||||||000 | spa|| | ||
| 020 | _a84-7774-907-8 | ||
| 040 | _cAR-BaBNM | ||
| 100 | 1 | _aReinosa, Rodrigo de | |
| 245 | 1 | 0 | _aPoesías de Germania |
| 260 |
_aMadrid _bVisor _c1988 |
||
| 300 | 0 |
_a146 p. _bil. |
|
| 490 | 0 |
_aBiblioteca de obras raras y curiosas _vv. 7 |
|
| 500 | 0 | _aContiene referencias bibliográficas en p. 31 | |
| 500 | 0 | _aVocabulario en p. 91 | |
| 650 | 4 | _aLITERATURA ESPANOLA | |
| 650 | 4 | _aLITERATURA MEDIEVAL | |
| 650 | 4 | _aLITERATURA POPULAR | |
| 650 | 4 | _aTRADICION ORAL | |
| 650 | 4 | _aPOESIA ESPANOLA | |
| 650 | 4 | _aPOESIAS | |
| 655 | _aLITERATURA | ||
| 700 | 1 |
_aChamorro Fernández, María Inés _eeditor |
|
| 800 | 1 |
_aSantoja, Gonzalo _edirector |
|
| 942 | _cBK | ||
| 998 | _cMARTIN | ||
| 999 |
_c11204 _d11204 |
||